[Event "Castelldefels-B"]
[Site "Castelldefels"]
[Date "2001.??.??"]
[Round "8"]
[White "Bueno Marin, Jesus Maria"]
[Black "Daude Puvill, Antonio"]
[Result "1/2-1/2"]
[WhiteElo "2070"]
[BlackElo "2250"]
[PlyCount "21"]
[EventDate "2001.05.??"]
[EventType "tourn"]
[EventRounds "9"]
[EventCountry "ESP"]
[SourceTitle "EXT 2002"]
[Source "ChessBase"]
[SourceDate "2001.11.25"]
[SourceVersion "1"]
[SourceVersionDate "2001.11.25"]
[SourceQuality "1"]

1. f4 d6 2. d4 Nd7 3. Nf3 c6 4. e4 Qc7 5. Bd3 e5 6. 0-0 Be7 7. Kh1 Ngf6 8. dxe5 dxe5 9. f5 0-0 10. Ng5 Nc5 11. Qf3 1/2-1/2

[Event "Sant Boi op"]
[Site "Sant Boi de Llobregat"]
[Date "1998.??.??"]
[Round "8"]
[White "Bueno Marin, Jesus Maria"]
[Black "Gisbert Porta, Josep"]
[Result "1-0"]
[WhiteElo "2135"]
[BlackElo "2055"]
[PlyCount "53"]
[EventDate "1998.??.??"]
[EventType "swiss"]
[EventRounds "8"]
[EventCountry "ESP"]
[SourceTitle "EXT 2003"]
[Source "ChessBase"]
[SourceDate "2002.11.25"]
[SourceVersion "1"]
[SourceVersionDate "2002.11.25"]
[SourceQuality "1"]

1. d4 Nf6 2. c4 e5 3. dxe5 Ne4 4. Nf3 b6 5. a3 Bb7 6. Bf4 Bc5 7. e3 a5 8. h4 a4 9. Bd3 h6 10. Qc2 f5 11. exf6 Nxf6 12. Bg6+ Ke7 13. Nc3 Nc6 14. 0-0-0 d6 15. Nd4 Qf8 16. Ndb5 Kd8 17. Nxa4 Ne8 18. Nxc5 bxc5 19. Nc3 Kc8 20. f3 Ne5 21. Bxe5 dxe5 22. Bf5+ Kb8 23. Rd8+ Ka7 24. Qa4+ Ba6 25. Rxa8+ Kxa8 26. Qxa6+ Kb8 27. Be4 1-0

[Event "Sant Boi op"]
[Site "Sant Boi de Llobregat"]
[Date "1998.??.??"]
[Round "7"]
[White "Vargas Drechsler, Carlos"]
[Black "Bueno Marin, Jesus Maria"]
[Result "1-0"]
[WhiteElo "2065"]
[BlackElo "2135"]
[PlyCount "53"]
[EventDate "1998.??.??"]
[EventType "swiss"]
[EventRounds "8"]
[EventCountry "ESP"]
[SourceTitle "EXT 2003"]
[Source "ChessBase"]
[SourceDate "2002.11.25"]
[SourceVersion "1"]
[SourceVersionDate "2002.11.25"]
[SourceQuality "1"]

1. e4 c5 2. Nf3 d6 3. d4 cxd4 4. Nxd4 Nf6 5. Nc3 g6 6. f4 Bg7 7. e5 dxe5 8. fxe5 Bg4 9. Bb5+ Kf8 10. Ne6+ fxe6 11. Qxd8+ Kf7 12. Qd4 Bf5 13. exf6 Bxf6 14. Qf4 g5 15. Qc7 Nc6 16. Qxb7 Nd4 17. 0-0 h5 18. Bd2 Rab8 19. Qa6 Rhd8 20. Bd3 Rd6 21. Qxa7 Rxb2 22. Qa3 Rbb6 23. Rab1 Rxb1 24. Rxb1 Nxc2 25. Bxc2 Bxc2 26. Qc1 Bxb1 27. Nxb1 1-0